| 000 | 00695nam a2200229 u 4500 | ||
|---|---|---|---|
| 005 | 20240228064312.0 | ||
| 008 | 170919s2008 ag r 000 0 spa d | ||
| 020 | _a9789501123388 | ||
| 035 | _aUPN01000220697 | ||
| 049 | _aI | ||
| 050 | 4 |
_aPZ78 _bM4.37 |
|
| 100 | 1 |
_aMedina, Sarah _938309 |
|
| 245 | 1 | 0 |
_aEstoy orgulloso / _cSara Medina ; adap. Catalina Prilick ; il. Jo Brooker. |
| 260 |
_aBuenos Aires : _bSigmar, _cc2008. |
||
| 300 |
_a24 p. : _bil. col. |
||
| 440 | 0 | _aMis sentimientos | |
| 650 | 4 |
_aEmociones en niños _vLiteratura infantil _921332 |
|
| 650 | 4 |
_aORGULLO Y VANIDAD _927512 |
|
| 650 | 4 |
_aLibros y lectura para niños _92290 |
|
| 905 | _aInfantil | ||
| 999 |
_c192796 _d192796 |
||